00970cam a2200253 a 4500001000800000005001700008006000400025007000400029008000400033010001700037025001400054040001900068050002300087082001400110111006900124245015000193260014100343300005500484504002900539650003600568650002600604700004300630700004300673431080620150310104345.0000000000 a 86902653  aI E 52306 aUOELcDLCdDLC00aSH390.7b.A45 198300a589.42192 aAll India Applied Phycological Congressd(1983 :cKanpur, India)10aAdvances in applied phycology :bproceedings of All India Applied Phycological Congress, 1983 /cchief editor, A.C. Shukla ; editor, S.N. Pandey. aKanpur, India :bInternational Society for Plant and Environment ;aDelhi, India :bExclusive distributors, Narendra Pub. House,cc1985. a349 p., [4] p. of plates :bill., ports. ;c25 cm. aIncludes bibliographies. 0aAlgaexUtilizationxCongresses. 0aAlgologyxCongresses.1 aShukla, A. C.q(Ashok Chandra),d1942-1 aPandey, S. N.q(Surendra Nath),d1943-